000 01617cam a2200433 i 4500
001 20697312
003 NUST
005 20220411133755.0
008 181005s2018 pk b 001 0 eng
010 _a 2018326004
020 _a9789697576180
025 _aP-E-2018326004; 17; 35
037 _bLibrary of Congress -- Islamabad Overseas Office
038 _awaseem
040 _aDLC
_beng
_cDLC
_erda
042 _alcode
_apcc
043 _aa-pk---
050 0 0 _aBP161.3
_b.A542 2018
082 _a297.1977
_bAMI
100 1 _aAmin, Husnul,
_eauthor.
_928033
245 1 0 _aPost-Islamism :
_bIslamic social movements in the era of neoliberal globalization /
_cHusnul Amin.
250 _a2nd edition.
264 1 _aIslamabad :
_bIqbal International Institute for Research and Dialogue, International Islamic University,
_c2018.
300 _axi, 202 pages ;
_c22 cm
336 _atext
_btxt
_2rdacontent
337 _aunmediated
_bn
_2rdamedia
338 _avolume
_bnc
_2rdacarrier
504 _aIncludes bibliographical references (pages 176-188) and index.
563 _aPBK.
650 0 _aIslam
_y21st century.
_913163
650 0 _aIslam and world politics.
_928034
650 0 _aEast and West.
_910370
650 0 _aIslam and state
_zPakistan.
_97106
650 0 _aGlobalization
_xReligious aspects
_xIslam.
_910141
710 2 _aInternational Islamic University (Islāmābād, Pakistan).
_bIqbal International Institute for Research & Dialogue.
_97154
906 _a7
_bcbc
_corigode
_d3
_encip
_f20
_gy-gencatlg
942 _2ddc
_cBK
999 _c533960
_d533960